01108nam a2200277 a 450000100060000000300090000600500170001500800410003202000150007302000220008803500170011004000230012704100080015008200260015824501300018426001180031430000350043249000340046750001260050150000510062765000170067870000220069570000220071771000570073983000340079657671BD-RJUL 20211209080536.0161211s1980 coua b 001 0 eng  a0891583726 a0891589600 (pbk.) aBD-RJUL57795 aDLCcDLCdEQObeng aeng a306.4223 bSOC 1980 00aSociobiology :bbeyond nature/nurture? : reports, definitions, and debate /cedited by George W. Barlow and James Silverberg. aBoulder, Colo. :bPublished by Westview Press for the American Association for the Advancement of Science,c1980. axxvi, 627 p. :bill. ;c24 cm.1 aAAAS selected symposium ;v35 a"Based on a symposium ... held at the 1978 AAAS national annual meeting in Washington, D.C., February 12-17"--t.p. verso. aIncludes bibliographical references and index. 0aSociobiology1 aBarlow, George W.1 aSilverberg, James2 aAmerican Association for the Advancement of Science. 0aAAAS selected symposium ;v35